000 00207nam a22000857a 4500
008 161202b xxu||||| |||| 00| 0 eng d
100 _91736
_aIMPULSE
245 _aBelieve it or not !
260 _aMumbai
_bP.P.
_c2011
999 _c4445
_d4445